000 00861nam a2200253Ia 4500
003 OSt
005 20220923221909.0
006 a|||||r|||| 00| 0
007 ta
008 220922b |||||||| |||| 00| 0 urd d
024 _a200,912
037 _cTextual
040 _aARTS
_cARTS
_burd
041 _2urd
_aurd
082 _aO168,1:g, 152H9
100 _aउपेन्द्रनाथ, अश्क
245 0 _aउर्दू काव्य की एक नई धारा
246 _aUrdū kāvya kī ek naī dhārā
260 _aइलाहाबाद
_b हिंदुस्तानी एकेडमी
_c1949
300 _a254पृ0
_ccm.
650 _aउर्दू साहित्य
942 _hO168,1:g, 152H9
_cTEXL
_2CC
999 _c352575
_d352575